Digital control systems / (Record no. 105545)

MARC details
000 -LEADER
fixed length control field 00611nam a22002057a 4500
005 - DATE AND TIME OF LATEST TRANSACTION
control field 20161227124114.0
010 ## - LCCN (DPL NO)
LC control number ENG-116940
020 ## - INTERNATIONAL STANDARD BOOK NUMBER
Terms of availability 525.00
International Standard Book Number 9780198083542
035 ## - SYSTEM CONTROL NUMBER
System control number EN-100472
037 ## - SOURCE OF ACQUISITION
Source of stock number/acquisition DBAD/PUB
082 ## - DEWEY DECIMAL CLASSIFICATION NUMBER
Classification number 629.8043
100 ## - MAIN ENTRY--PERSONAL NAME
Personal name Kuo,Benjamin C.
245 ## - TITLE STATEMENT
Title Digital control systems /
Statement of responsibility, etc by Benjamin C. Kuo
250 ## - EDITION STATEMENT
Edition statement 2nd ed.
260 ## - PUBLICATION, DISTRIBUTION, ETC. (IMPRINT)
Place of publication, distribution, etc New Delhi
Name of publisher, distributor, etc Oxford University Press
Date of publication, distribution, etc 2013
270 ## - ADDRESS
City New Delhi
Postal code 110001
Address YMCA Library Building,1 Jai Singh Road
300 ## - PHYSICAL DESCRIPTION
Extent xx,751p. :
Dimensions 24cm(pbk)
Other physical details ill.
500 ## - GENERAL NOTE
General note Includes index
942 ## - ADDED ENTRY ELEMENTS (KOHA)
Source of classification or shelving scheme Dewey Decimal Classification
Item type English Books
Call number suffix KUO
Classification part 629.8043
Holdings
Withdrawn status Lost status Not for loan Collection code Home library Current library Date acquired Source of acquisition Cost, normal purchase price Full call number Barcode Copy number Cost, replacement price Koha item type
    Not For Loan Non-fiction D.B.Act.Division Bawana 27/12/2016 DBAD/PUB 525.00 629.8043 KUO EN-100472 1 525.00 English Books

© Delhi Public Library
Hit Counter
free hit counter